| Tag |
First Indicator |
Second Indicator |
Subfields |
| LEADER |
00000cam a22000008a 4500 |
| 001 |
in00001225321 |
| 005 |
20151003053133.0 |
| 008 |
950105s1995 nyu c 001 0 eng |
| 010 |
|
|
|a 95001257
|
| 020 |
|
|
|a 0471054402
|
| 020 |
|
|
|a 0471054429 (pbk.)
|
| 035 |
|
|
|a (OCoLC)31901604
|
| 035 |
|
|
|9 AGR8489AM
|
| 040 |
|
|
|a DLC
|c DLC
|d JBO
|d TXA
|d UtOrBLW
|
| 043 |
|
|
|a n-us---
|
| 049 |
|
|
|a TXAM
|
| 050 |
0 |
0 |
|a HF5429.3
|b .S76 1995
|
| 082 |
0 |
0 |
|a 658.8/7
|2 20
|
| 100 |
1 |
|
|a Stone, Kenneth E.
|
| 245 |
1 |
0 |
|a Competing with the retail giants :
|b how to survive in the new retail landscape /
|c Kenneth E. Stone.
|
| 263 |
|
|
|a 9503
|
| 264 |
|
1 |
|a New York :
|b Wiley,
|c [1995]
|
| 264 |
|
4 |
|c ©1995
|
| 300 |
|
|
|a xi, 259 pages :
|b illustrations ;
|c 23 cm.
|
| 336 |
|
|
|a text
|b txt
|2 rdacontent
|
| 337 |
|
|
|a unmediated
|b n
|2 rdamedia
|
| 338 |
|
|
|a volume
|b nc
|2 rdacarrier
|
| 490 |
1 |
|
|a National retail federation series
|
| 500 |
|
|
|a Includes index.
|
| 650 |
|
0 |
|a Retail trade
|z United States
|x Statistics.
|
| 650 |
|
0 |
|a Retail trade
|z United States
|x Management.
|
| 650 |
|
0 |
|a Discount houses (Retail trade)
|z United States.
|
| 650 |
|
0 |
|a Competition
|z United States.
|
| 830 |
|
0 |
|a National Retail Federation series.
|
| 999 |
|
|
|a MARS
|
| 999 |
f |
f |
|s 5754f41e-d519-38f2-b552-d30cb4ee7b54
|i 8202e3eb-46da-3fa6-804d-42d8df833f59
|t 0
|
| 952 |
f |
f |
|p ric
|a Texas A&M University
|b Rellis Campus
|c Joint Library Facility
|d Remote Storage
|t 0
|e HF5429.3 .S76 1995
|h Library of Congress classification
|i unmediated -- volume
|m A14818965994
|
| 998 |
f |
f |
|a HF5429.3 .S76 1995
|t 0
|l Remote Storage
|